000
00283nam a22001337a 4500
008
170601b xxu||||| |||| 00| 0 eng d
020
_a
9780873411424
041
_a
eng
080
_a
93
100
_a
17
101
_a
SHH
245
_a
CHRYSLER 1924-1990
_c
LEE, J
942
_2
udc
_c
BK
999
_c
15207
_d
15207